Normal view
MARC view
Entry Personal Name
001 - CONTROL NUMBER
- control field: 163652
003 - CONTROL NUMBER IDENTIFIER
- control field: OSt
005 - DATE AND TIME OF LATEST TRANSACTION
- control field: 20220923215129.0
008 - FIXED-LENGTH DATA ELEMENTS
- fixed length control field: 220923|| aca||aabn | a|a d
040 ## - CATALOGING SOURCE
- Original cataloging agency: OSt
- Transcribing agency: OSt
100 ## - HEADING--PERSONAL NAME
- Personal name: ंिसंहल, ओम प्रकाश्, संपा
670 ## - SOURCE DATA FOUND
- Source citation: Work cat.: (OSt)329562: ंिसंहल, ओम प्रकाश्, संपा., अनुवाद के रंग, 1990
